Devinez l'État Américain Mystère #40 - Statistiques

Statistiques générales
  • Ce quiz a été pris 147 fois
  • Le résultat moyen est 31 sur 35
Statistiques - réponses
Type de Réponse Réponse % Correct
Lettre Trouvée A
100%
Lettre de l'Alphabet I
100%
Lettre de l'Alphabet N
100%
Lettre de l'Alphabet O
100%
Lettre Trouvée R
100%
Lettre de l'Alphabet S
99%
Lettre Trouvée E
98%
Lettre Trouvée L
98%
Lettre de l'Alphabet T
97%
Lettre de l'Alphabet C
96%
Lettre de l'Alphabet H
96%
Lettre de l'Alphabet K
96%
Lettre de l'Alphabet M
96%
Lettre Trouvée D
95%
Lettre Trouvée W
95%
Lettre de l'Alphabet G
94%
Lettre de l'Alphabet U
93%
Lettre de l'Alphabet F
92%
Lettre de l'Alphabet Y
92%
Lettre de l'Alphabet V
87%
Lettre de l'Alphabet B
85%
Lettre de l'Alphabet X
85%
Lettre Bien Placée A
82%
Lettre Bien Placée A
82%
Lettre Bien Placée L
79%
Lettre de l'Alphabet Z
78%
Lettre de l'Alphabet P
77%
Lettre de l'Alphabet J
76%
Lettre Bien Placée E
75%
Lettre Bien Placée E
75%
Lettre Bien Placée R
73%
Lettre de l'Alphabet Q
71%
Lettre Bien Placée D
70%
État Mystère Delaware
70%
Lettre Bien Placée W
70%
Aucun quiz correspondant
Distribution des résultats
% des personnes avec chaque résultat
Percentile par nombre de réponses
Votre historique - résultats
Vous n’avez pas pris ce quiz